Turkey True Or False - Click Quiz - Statistics

General Stats
  • This quiz has been taken 41 times
  • The average score is 14 of 18
Answer Stats
Hint Explanation Answer % Correct
It's commonly eaten on Thanksgiving We love our turkey on Thanksgiving! 46 million are eaten every year. True
100%
Is 100% vegetarian No! Turkeys are not vegetarian at all, and most people in Turkey are not vegetarian. False
95%
You can buy it in Walmart You can find turkey in thousands of stores worldwide! However, you can't buy the country (nobody knows why, but it could be expired). True
95%
Is JetPunk's logo It's actually a pufferfish, as shown in the top left corner. False
93%
They lay eggs Turkeys are birds, so they lay eggs. People in Turkey are not so good at laying eggs. True
93%
It has a flag that looks like this:
That's Georgia's flag, not Turkey's. False
88%
Some people think it's bland True for both turkeys (especially) and Turkey. True
85%
Its people are eaten on Thanksgiving We're not cannibals. False
80%
Looks like this:
A delicious, raw whole turkey... True
80%
Is on several continents Turkey straddles two. Turkeys are on all of them. True
80%
(Usually) borders your plate Your turkey should be on a plate. Hopefully. True
78%
Its capital is Istanbul The capital is Ankara. False
73%
A turkey was technically the president of Turkey for three days Yes, cats and dogs are mayors, however a turkey cannot rule a country of millions of people. It probably would be assassinated, anyways. False
73%
Each person in the US eats 16 pounds of this annually Mmmm...delicious. True
73%
Is the mascot of this site You...how could you.... False
70%
There's over 320 million people and birds 80 million (people) + 250 million (turkeys) = 320 million True
68%
Mostly nonreligious The 250 million turkeys outnumber the 80 million in Turkey. True
48%
Closely related to the peacock Turkeys and peacocks are not closely related. And they're native to India and Sri Lanka. False
15%
No matching quizzes found
Score Distribution
Percent of People with Each Score
Percentile by Number Answered
Your Score History
You have not taken this quiz